000 00414nam a22001337a 4500
008 230704b xxu||||| |||| 00| 0 eng d
020 _a0889366640
082 _a339.523
_bIDRC
110 _bInternational development Research Center
_d1992
245 _aThe Global Cash Crunch
_bAn Examination of debt and Development
260 _bInternational development Research Center
_c1992
300 _a43p
942 _2ddc
_cBK
999 _c3545
_d3545